000 01159nam a2200301 c 4500
999 _c173032
_d173032
003 BLK
005 20220531112414.0
008 180411b bul|||||r ||||||| ||bul||
040 _aBLK
041 _aBUL
_cBUL
080 _aБългарска литература
_b821.163.2
_x-31
_z821.163.2-31
100 1 _aСарафов, Ангел Петков
_9339414
139 _aСарафов, Ангел П.
_bС 20
245 1 0 _aПедра Пинтада
_bРоман
_cАнгел П. Сарафов; худож. Асен Георгиев Старейшински.
257 _aBGR
260 _bНар. младеж
_c1965
_aСофия
300 _a328 с.
_bс ил.
_c21 см
380 _aX
490 _aБиблиотека Приключения и научна фантастика
_v1965, № 96
_9204436
500 _aАвт. не е даден на кор.
700 1 _aСтарейшински, Асен Георгиев
_eхудож.
_9379301
852 _aЦб 36802
856 4 _qpdf
856 4 _qpdf
942 _cKNG
_n0
_s1
944 _aCR
_c09.09.2015
_kПравда_Бадева
944 _aED
_c26.09.2017
_kВася_Ганчева
999 _d173032